|
|
|
|
| LEADER |
00559cam a2200169 7i4500 |
| 001 |
0000027834 |
| 005 |
20120608090000.0 |
| 020 |
0 |
0 |
|a 9780230279544
|
| 090 |
0 |
0 |
|a I 338.47910688
|b INT
|
| 245 |
0 |
0 |
|a International place branding yearbook 2010 :
|b place branding in the new age of innovation.
|
| 260 |
0 |
0 |
|a New York:
|b Palgrave MacMillan,
|c 2010.
|
| 300 |
# |
# |
|a 234 p.
|
| 650 |
0 |
0 |
|a Place marketing
|
| 650 |
0 |
0 |
|a Place marketing --
|x Periodicals
|
| 700 |
1 |
1 |
|a Go,
|h Frank M.
|
| 700 |
1 |
1 |
|a Govers,
|h Robert
|
| 999 |
|
|
|a B000029424
|b Book
|c International
|e Business Information Centre
|